000 01083nam a22002057a 4500
003 LK-CoMWRAF
005 20260224155244.0
008 260224b |||||||| |||| 00| 0 eng d
020 _a9789556250589
040 _aLK-CoMWRAF
_dLK-CoMWRAF
_eLK-CoMWRAF
082 _a340.59
_bTEG
100 _aடெகல், எர்மிசா
110 _aபியதாசா, தியாகி
245 _aஇலங்கையில் குடும்ப சட்ட முறைமைகளை மீற்வடிவமைத்தல்
_bபொதுச் சட்டத்தின் கீழும் முஸ்லிம் திருமண, விவாகரத்துச் சட்டத்தின் கீழும் விவாகரத்து தொடர்பான நடபடிமுறைகளை ஆராயும் ஆய்வு
260 _aColombo :
_bMuslim women's research and action forum,
_c2023
300 _a52p. : 24cm.
650 _aFamily Law--Sri Lanka
650 _aFamily Law--Marriages--Divorce--Act
942 _cBK
999 _c4974
_d4974